1218 1061 1681 1817 1336 1383 1687 1785 1009 1272 1996 1965 1633 1632 1745 1472 1727 1098 1586 1952 1855 1058 1866 1310 1736 1604 1710 1291 1588 1143 1522 1295 1148 1655 1308 1656 1942 1703 1557 1683 1595 1024 1854 1648 1238 1773 1407 1007 1461 1289 1270 1932 1659 1019 1649 1509 1988 1548 1850 1282 1987 1849 1123 1949 1519 1354 1182 1001 1922 1056 1723 1814 1100 1551 1557 1038 1888 1938 1743 1596 1123 1051 1236 1146 1074 1727 1769 1507 1902 1819 1891 1002 1744 1790 1827 1749 1336 1256 1854 BCNSPRNW ULIB Ver.6.0+V

เปลี่ยนเป็นภาษาไทย

Change to English
 แสดงรายละเอียดบรรณานุกรม
  กลับหน้าหลัก

Brief Record : Get Marc (ISO 2709) : E-mail record : QR code < ปิดหน้าต่าง
LEADER : 00000nam 2200000uu 4500
001    13399125956
003     ULIB
008    020711s2560 th a 000 0 tha d
060    ^aWY101^bค124
110    ^aคณะกรรมการพัฒนาแนวปฏิบัติการพยาบาลในการสร้างเสริมสุขภาพสำหรับพยาบาลวิชาชีพ
245    ^aแนวทางการพยาบาลเพื่อการสร้างเสริมสุขภาพสำหรับพยาบาลวิชาชีพในสถานบริการสุขภาพระดับปฐมภูมิ ระดับทุติยภูมิ และระดับตติยภูมิ
250    พิมพ์ครั้งที่ 2
260    ู^aนนทบุรี :^bโรงพิมพ์บริษัทมาตาการพิมพ์,^c2560
300    ^a284 หน้า;^b^c30 ซม.
650    ^aการพยาบาล-แนวทาง
650  0 ^aสุขภาพ
650  0 ^aพยาบาล-วิชาชีพ
945    ^p0^l0^i003396
999    ^aประนอม เกษจรัล
รายการนี้ยังไม่มีแท็ก
คุณยังไม่ได้ล็อกอิน คุณสามารถมีกิจกรรมร่วมกับเว็บไซต์ได้ แต่ต้องล็อกอินก่อน ::
  ล็อกอิน

รายการสื่อสารสนเทศ

ลำดับที่ ประเภท เลขเรียก/บาร์โค้ด สถานที่ สถานะ
1. วิทยาศาสตร์การแพทย์ และสุขภาพ
วิทยาศาสตร์การแพทย์ และสุขภาพ
WY101 ค124 ฉ.1 
  Barcode: 003396
ห้องสมุดวิทยาเขตสวรรค์ประชารักษ์
►หนังสือทั่วไป
บนชั้น

รายการใกล้เคียง
    หัวเรื่อง [สุขภาพ]
    หัวเรื่อง [พยาบาล-วิชาชีพ]

BibComment


ยังไม่เคยถูกคอมเมนท์

คอมเมนท์ทรัพยากรรายการนี้
  คอมเมนท์: แนวทางการพยาบาลเ..


 Copyright 2026. Bcnsprnw @Library